| 000 | 03145nam a22003377a 4500 | ||
|---|---|---|---|
| 003 | DO-SdBNP | ||
| 005 | 20210803085914.0 | ||
| 008 | 210723b 2020 dr a c 00| 0 eng d | ||
| 020 | _a9789945613452 | ||
| 040 |
_aBPMSU _bspa _cBPMSU |
||
| 082 |
_a027.07293 _bE56g 2018 _222 |
||
| 111 | 2 |
_aEncuentro Nacional de Archivos _n(6º : _d2018 : 13-15 junio. _cSanto Domingo, República Dominicana ) |
|
| 245 |
_aGestión documental : _badministración electrónica / _ccuidado de edición : Raymundo González, Ángel Hernández. |
||
| 246 | 1 | 3 | _aSesto Encuentro Nacional de Archivos (Memorias) |
| 260 |
_aSanto Domingo : _bArchivo General de la Nación, _c2020. |
||
| 300 |
_a156 p. : _bil., retrs. ; _c25 cm. |
||
| 490 | 0 |
_aPublicación del Archivo General de la Nación ; _v378 |
|
| 500 | _aIncluye referencias bibliográficas y notas al pie de las páginas | ||
| 500 | _aIncluye índice | ||
| 505 | 0 | _aPresentación.-- Discurso de apertura: «Gestión documental y administración electrónica» / Roberto Cassá -- Los desafíos de la gestión del documento electrónico desde una perspectiva archivística / Ramón Alberch i Fugueras -- Marco normativo de tecnologías de la información y comunicación / Glenny Castro -- La gestión de los datos de carácter personal en los archivos a través del nuevo reglamento europeo de protección de datos personales / Cristina Díaz Martínez -- Normas sobre tecnologías de la información y comunicación NORTIC A2, A3 y E1 para el desarrollo y gestión de los medios Web, Datos Abiertos y Redes Sociales de Estado Dominicano / Huáscar Frías Vilorio -- Aspectos legales de la Firma Digital en República Dominicana / Jasmín Fabré -- Oficina paperless: los pasos previos / Marie-France Balasse -- La gestión de documentos electrónicos en la Comunidad de Madrid / Antonio González Quintana -- Firma Digital en la gestión documental / Jasmín Fabré -- La transición del documento analógico al documento digital: problemas y retos para la administración pública actual / Ramón Aguilera Murguía -- Plenaria: implementación del Archivo Digital Nacional / Erika Rangel -- El legado digital de la Junta Central Electoral / Juan Karlos Saladín -- Índice de uso de TIC e implementación de Gobierno Electrónico en el Estado Dominicano / Melvin Hilario, 121.-- Gobierno Digital / Armando García, 129.-- Palabras de clausura del 6.º Encuentro Nacional de Archivos / José Vílchez -- Anexos -- Lista de participantes por institución -- Programa del evento -- Fotos 6.º Encuentro Nacional de Archivos. | |
| 590 | _aInventariado, 2021 /VM | ||
| 650 | 4 |
_aArchivos _zRepública Dominicana _vCongresos, conferencias, etc. |
|
| 650 | 4 |
_aGestión documental _vCongresos, conferencias, etc. |
|
| 650 | 4 |
_aAutomatización de archivos _vCongresos, conferencias, etc. |
|
| 650 | 4 |
_aArchivos _zAmérica Latina _vCongresos, conferencias, etc. |
|
| 700 | 1 |
_aGonzález, Raymundo, _d1961- _ecuidado de edición |
|
| 700 | 1 |
_aHernández, Ángel, _ecuidado de edición |
|
| 710 | 2 | _aArchivo General de la Nación (República Dominicana) | |
| 910 | _aVMateo V. | ||
| 942 |
_2ddc _cBK |
||
| 999 |
_c13609 _d13609 |
||